Management games for use in the construction industry (Record no. 49925)

MARC details
000 -LEADER
fixed length control field 00826nam a2200241 a 4500
008 - FIXED-LENGTH DATA ELEMENTS--GENERAL INFORMATION
fixed length control field 120416s1977 ||||||||||||||||| || u
020 ## - INTERNATIONAL STANDARD BOOK NUMBER
International Standard Book Number 0901822523
050 ## - LIBRARY OF CONGRESS CALL NUMBER
Classification number HD 30.26 Spe
100 ## - MAIN ENTRY--PERSONAL NAME
Personal name Harris, F. C
245 10 - TITLE STATEMENT
Title Management games for use in the construction industry
260 ## - PUBLICATION, DISTRIBUTION, ETC.
Place of publication, distribution, etc. Ascot, Berkshire :
Name of publisher, distributor, etc. The Institute of Building
Date of publication, distribution, etc. 1977
300 ## - PHYSICAL DESCRIPTION
Extent 57 p.
350 ## - PRICE (NR) (BK AM CF MU VM SE) [OBSOLETE]
Price 0.00
490 ## - SERIES STATEMENT
Series statement Occasional paper
490 ## - SERIES STATEMENT
Volume/sequential designation no. 15.
500 ## - GENERAL NOTE
General note Cover title. -Bibliography: p. 55.
650 #0 - SUBJECT ADDED ENTRY--TOPICAL TERM
Topical term or geographic name entry element MANAGEMENT
650 ## - SUBJECT ADDED ENTRY--TOPICAL TERM
Topical term or geographic name entry element MANAGEMENT GAMES
650 ## - SUBJECT ADDED ENTRY--TOPICAL TERM
Topical term or geographic name entry element BUILDING TRADES--MANAGEMENT
650 ## - SUBJECT ADDED ENTRY--TOPICAL TERM
Topical term or geographic name entry element CONSTRUCTION INUSTRY--MANAGEMENT
700 ## - ADDED ENTRY--PERSONAL NAME
Personal name Speed, T. J
995 ## - RECOMMENDATION 995 [LOCAL, UNIMARC FRANCE]
-- 0.00
-- CBU-MAIN LIBRARY (Kitwe)
-- 1
-- 2.50
-- 1
-- AVAILABLE
-- Annex Low-Usage Collection
Holdings
Withdrawn status Lost status Source of classification or shelving scheme Damaged status Not for loan Home library Current library Shelving location Date acquired Total Checkouts Full call number Barcode Date last seen Price effective from Koha item type
          CBU-MAIN LIBRARY, KITWE. CBU-MAIN LIBRARY, KITWE.   11/30/2022   HD 30.26 Spe 002722 11/30/2022 11/30/2022 MONOGRAPH